[Event "Match 77__120'/40"]
[Site "Zürich"]
[Date "2024.??.??"]
[Round "26"]
[White "Mephisto Polgar sel. 5"]
[Black "Super Forte C 6 MHz sel. 4"]
[Result "1-0"]
[WhiteElo "1981"]
[BlackElo "2009"]
[Annotator "Utzinger,K"]
[PlyCount "146"]
[EventDate "2024.??.??"]
[SourceVersionDate "2024.04.21"]

{[%evp 0,146,28,24,41,56,63,28,41,47,47,41,20,10,10,-16,-14,-14,-14,-14,9,-3,13,23,21,-9,-9,-5,2,-1,3,8,6,4,22,-29,72,30,85,15,21,40,40,27,27,-34,48,-26,12,0,28,0,28,43,45,45,68,30,105,114,114,108,108,108,107,104,134,128,173,157,165,99,291,89,387,51,207,99,99,92,114,87,80,124,119,116,114,125,170,171,159,186,186,178,173,218,215,207,218,229,230,232,230,232,233,229,233,237,243,246,280,243,259,260,264,268,291,258,293,229,233,232,239,240,251,261,308,308,372,392,416,449,465,530,596,612,674,699,1013,1046,1312,729,829,1415,1591,2041,29701,29966,29967]} 1. e4 c5 {Match 120'/40 | Bediener: Rolf Bühler | 26. Partie: Weiss (Mephisto Polgar) gewinnt Zwischenstand: 13,0-13,0 (50%) Gleichstand; hypothetisch: 14,5-11,5 (53,7%) für Mephisto Polgar | Buchzüge total: Super Forte C = 288, Mephisto Polgar = 262 | Die Sizilianische Verteidigung, Taimanov Variante, von Schwarz führt für beide total überforderten Programme zu einem äusserst schwierigen Mittelspiel und Endspiel. Die strategischen Erfordernisse werden dabei von beiden Seiten vielfach verletzt. Aber grundsätzlich ist dauernd Weiss (Mephisto Polgar sel. 5) am Drücker und der Super Forte C sel. 4 hat in keiner Phase auch nur die geringsten Gewinnchancen. Nach vielen nicht genutzten Gewinnmöglichkeiten von Weiss und ebenso vielen verpassten Ausgleichschancen geht schliesslich der Punkt verdient an das holländische Programm von Ed Schröder. Somit herrscht in diesem spannenden Match wieder Gleichstand.} 2. Nf3 e6 3. d4 cxd4 4. Nxd4 Nc6 5. Nb5 d6 6. c4 {Danach entsteht der Igel-Aufbau, auch Hedgehog genannt. Solche Stellungen sind äusserst anspruchsvoll zu spielen. Auf Wikipedia heisst es dazu: "In der Igelstellung steht Weiss oft objektiv besser. Um aber die schwarze Verteidigung zu überwinden, muss er taktisch sehr präzise spielen, was viele Weissspieler überfordert. Andererseits ist der Igel für Schwarz leicht zu spielen: Er verteidigt seine Position und wartet ab, bis Weiss aktiv wird oder bis sich eine günstige Gelegenheit für einen Vorstoss im Zentrum ergibt. Dann müssen sich beide Spieler vom ruhigen positionellen Manövrieren auf eine offene Stellung voller Dynamik, auf ein konkretes Spielen von Zug zu Zug umstellen. Neben der passiven Verteidigung und dem Warten auf die Vorstösse d6–d5 oder b6–b5 (manchmal auch e6–e5, wenn f2–f4 gespielt wurde) kann Schwarz in manchen Stellungen außerdem eine Expansion am Königsflügel mit Kg8–h8, Tf8–g8, g7–g5, Tg8–g6 und Tc8–g8 anstreben. Oder er nimmt mit Db8 und Lc7 eine Vorbereitung gegen den weißen Bauern h2 ein. Auch der Sturmlauf des schwarzen h-Bauern bis nach h3 zur Auflockerung der weissen Königsstellung wurde schon gesehen. Mark Dworetzki schrieb in einem seiner Lehrbücher über das typische Problem von Weiss gegen Igelstellungen: Weiss steht ideal, aber in dem Wort selbst steckt schon sein ganzes Problem, ein Ideal kann nicht mehr verbessert werden."} Nf6 7. N5c3 (7. N1c3 {ist die üblichere Fortsetzung} a6 8. Na3 {Verhindert d6-d5, was nach 8.Sd4 möglich wäre.} Be7 9. Be2 O-O 10. O-O b6 11. Be3 Bb7 $11 {In dieser schwierigen Stellung herrscht dynamisches Gleichgewicht.}) 7... Be7 8. Be2 O-O 9. O-O {***ENDE BUCH***} Qb6 {***ENDE BUCH*** Zu diesem letzten Buchzug habe ich keine einzige Partie in meinen Datenbanken gefunden. Damit wird jedenfalls der Igel-Aufbau mit 9...b6 ad absurdum geführt. Trotz allem scheint der Textzug gut spielbar mit der wahrscheinlichen Idee, Sc6-d4 zu ermöglichen. Die Engines bewerten diese Stellung ausgeglichen.} 10. b3 Nd4 11. Be3 Nxe2+ 12. Qxe2 Qa5 13. a3 Bd7 14. b4 Qc7 {Weiss hat sich Raumvorteil am Damenflügel gesichert. Dafür ist der c4-Bauer ein Angriffsobjekt für Schwarz auf der halboffenen c-Linie.} 15. Nd2 Rfc8 {Immer wieder stellt sich die schwierige Frage, welcher Turm auf eine offene oder halboffene Linie gehört. Mir persönlich würde 15...Tac8 besser gefallen, denn wo soll nun der Ta8 aktiv werden?} 16. f4 a5 $6 {Der erste etwas fragwürdige Zug, weil Schwarz damit nicht zur Öffnung der a-Linie kommt und auch das Feld b6 geschwächt wird.} 17. Rac1 $6 {Nicht die optimale Reaktion, kann doch Schwarz nun die angestrebte Linienöffnung realisieren.} ({Mit} 17. b5 $14 {kann Weiss auf etwas Vorteil hoffen.}) 17... b5 {Ein unlogischer Vorstoss anstelle von 17...axb4.} 18. cxb5 Qd8 $6 {Sinnvoller war 18...Db8. Mit seinen beiden letzten Zügen hatte Schwarz keine glückliche Hand und müsste nun nach 19.b6! dem Gegner spürbaren Vorteil einräumen.} 19. e5 $6 {Weiss verpasst die ihm gewährte Chance 19.b6 mit Vorteil.} dxe5 (19... Rxc3 $5 {ist eine interessante Alternative} 20. Rxc3 Nd5 21. Rb3 axb4 22. exd6 Bxd6 23. Ne4 Bc7 24. axb4 Nxe3 25. Rxe3 Qb8 $11) 20. fxe5 {[#]} Nd5 $2 {[%mdl 2] Legt den Grundstein zur Niederlage.} (20... Rxc3 $5 {war nun Pflicht und führt zur im vorigen Zug erwähnten Variante.}) 21. Nxd5 exd5 {Der Erwartungswert für Weiss steigt nun auf 95% (+91% =9% -0%).} 22. Qf2 $2 {[%mdl 32768] Vermasselt seinen schon entscheidenden Vorteil.} (22. Rxc8 Qxc8 23. b6 axb4 24. axb4 Rb8 (24... Bxb4 25. Nf3 Rb8 26. Rc1 $18) 25. Qf2 Be6 26. Bc5 $18) 22... Qe8 $2 {[%mdl 2] Verlustzug: Eigentlich unverständlich, dass Schwarz die günstige Gelegenheit für 22...Lxb5 auslässt.} 23. a4 $2 {[%mdl 32768] Und erneut verspielt Weiss seinen entscheidenden Vorteil.} (23. b6 $1 {bringt Weiss wieder auf die Gewinnerstrasse und droht b7.} Rxc1 24. Rxc1 axb4 25. axb4 Bxb4 26. Nf3 $18) 23... axb4 24. Rxc8 Rxc8 $2 {[%mdl 2] Und wieder stolpert der Super Forte C sel. 4 in eine verlorene Stellung. Auf c8 hätte er mit dem Läufer schlagen sollen.} ({Light 29 MPV-avx2:} 24... Bxc8 $1 {Erwartungswert für Weiss nur noch 51%, Bewertung 0.13, bzw. ausgeglichen.} 25. Ra1 d4 26. Bxd4 Be6 27. h3 b3 28. Ne4 Qd7 29. Nd6 Bxd6 30. exd6 Qxd6 31. a5 Bc4 32. b6 Ba6 33. Re1 f6 34. Qe3 Qd5 35. Bb2 Bb7 36. Qg3 Kf7 37. Rc1 Re8 38. Kh2 Re7 39. Ba3 Rd7 40. Rc5 Qe6 41. Rc7 Qd5 42. Rxd7+ Qxd7 43. Qxb3+ Qe6 44. Qxe6+ Kxe6 45. g4 Kd7 46. h4 Kc6 47. Bb4 g6 48. Bd2 h5 49. gxh5 gxh5 50. Kg3 Kb5 51. Kf4 {[%eval 16,40] [%wdl 16,981,3]}) 25. Nb3 {Nun schwächelt auch Weiss und findet 25.Ld4 nicht, was deutlich besser ist.} ({Stockfish 16.1:} 25. Bd4 {Bewertung: 1.82 (99%) ST 41} Rc2 26. Qe3 Bd8 27. Nb3 Qe6 28. Qg3 h5 29. h3 Be8 30. Kh1 h4 31. Qd3 Rc4 32. Nd2 Bd7 33. Rd1 Rc8 34. Nb3 Qe8 35. Nc5 Qe7 36. Qd2 Ba5 37. Qf2 Be8 38. Nb3 Bd8 39. Rb1 Qg5 40. b6 Bxa4 41. b7 Rb8 42. Nc5 Bc6 43. e6 f6 44. Be3 Qh5 45. Bf4 d4 46. Qxd4 Qf5 47. Rb2 Qxh3+ 48. Kg1 {[%eval 182,41] [%wdl 982,18,0]}) 25... Ra8 26. Ra1 $2 {[%mdl 32768] Leider ergibt das nur Ausgleich statt 26.Ld4 mit noch immer Gewinn.} (26. Bd4 $1 Rxa4 27. b6 Bc6 28. e6 $1 f6 (28... fxe6 29. Qg3 $18) 29. Rc1 Ra8 30. Bc5 Rc8 31. Bxe7 Qxe7 32. Qe3 Bb7 33. Rxc8+ Bxc8 34. Nd4 $18) 26... Bf8 $2 {[%mdl 2] Damit bringt sich Schwarz wieder in Teufels Küche.} (26... Bxb5 $1 27. axb5 Rxa1+ 28. Nxa1 Qxb5 $11) 27. Bd4 Qe6 28. Qe2 Bd6 29. Qb2 {Noch immer genügend für den Sieg. Aber wo ist die oft postulierte Stärke des Programms von Ed Schröder bezüglich Freibauern geblieben? So sind 29.a5 wie auch 29.b6 stärkere Fortsetzungen.} Bf8 30. Nc5 {Erneut verpasst Weiss den viel stärkeren b5-b6 Vorstoss.} Bxc5 31. Bxc5 b3 32. Bf2 $2 {[%mdl 32768] Erlaubt dem Gegner eine Rettung und vergibt jegliche Gewinnchancen. Der Läufer hätte nach d4 ziehen sollen.} {[#]} Qf5 $2 {[%mdl 2] Aber Schwarz packt seine Chance nicht.} (32... d4 $3 {Diese "Bombe" liegt natürlich weit ausserhalb des Rechenhorizonts beider Spieler.} 33. Qxd4 (33. Bxd4 Rc8 34. Rc1 Rc4 35. Rxc4 Qxc4 $11) 33... Rc8 {Die schwarzen Figuren erwachen auf einen Schlag zum Leben und der weit vorgestossene Bauer b3 ist eine Macht. Nun muss gar Weiss achtgeben, dass er nicht in Nachteil gerät.} 34. h3 (34. Rb1 Qf5 35. Rf1 h6 36. Be3 Qe6 37. Rc1 Qf5 $11) 34... Rc4 35. Qd1 h6 36. b6 (36. Qxb3 $4 Rc1+ 37. Rxc1 Qxb3 $19) 36... Bc6 37. Qxb3 Bxg2 $1 38. Kxg2 Rg4+ 39. hxg4 Qxb3 40. a5 Qb2 41. Rd1 Qxe5 42. a6 Qe4+ 43. Kg3 f5 44. gxf5 Qe5+ $11) 33. Qxb3 Qxe5 34. Re1 Qd6 35. Bd4 {Und wieder gewinnt b5-b6 schneller.} Rc8 {Sinnvoller war es, mit 35...f6 dem König ein Luftloch zu schaffen und den gegnerischen Figuren das Feld e5 zu verwehren.} 36. Qe3 {Ich kann mich nur wiederholen: einfacher gewinnt der Vorstoss des weissen b-Bauern.} Rc4 37. Ra1 $2 {[%mdl 32768] Nur noch Ausgleich statt Gewinn. Dabei standen zwei starke Gewinnzüge zur Verfügung.} (37. b6 f6 38. b7 Qb8 39. Rb1 Rc7 40. Qf4 $18 Bxa4 41. Qxc7 Qxc7 42. b8=Q+ Qxb8 43. Rxb8+) (37. Qe7 Qxe7 38. Rxe7 Rxd4 39. Rxd7 Kf8 40. a5 Rb4 41. Rxd5 Rb1+ 42. Kf2 Rb2+ 43. Kf3 Ke7 44. a6 Ra2 45. Ke3 Ke6 46. Rd8 Ke7 47. Rb8 Kd6 48. Rb7 f5 49. a7 $18) 37... Qe6 $2 $18 {[%mdl 32768] Schwarz packt erneut seine Chance auf Ausgleich nicht.} (37... f6 $1 {Luftloch für den König.} 38. Qd2 Kf7 39. h3 Bf5 40. a5 Rc2 41. Qe1 Be4 42. Bf2 Qe5 43. b6 Rxf2 $1 44. Kxf2 Qb2+ 45. Ke3 Qb3+ $11 {und Schwarz hat Dauerschach, denn} 46. Kf4 $4 {verliert wegen} g5+ 47. Kg4 Kg6 {nebst Matt durch h7-h5}) 38. Qe5 $2 $11 {[%mdl 32768] Auch Weiss ist in dieser für unsere Oldies komplexen Stellung masslos überfordert. Sowohl 38.b6 als auch der Damentausch gewinnen. Der Textzug ergibt nicht mehr als Ausgleich.} Qxe5 39. Bxe5 f6 40. Bg3 $11 Rb4 $2 $18 {[%mdl 32768] Gibt dem Gegner wieder unnötige Gewinnchancen.} (40... d4 $1 $11) 41. Bd6 Rb2 42. Ba3 Rb3 43. Bc5 Bxb5 {Opfert den Läufer für die zwei riesenstarken Freibauern, die beste praktische Chance.} 44. axb5 Rxb5 45. Ra8+ Kf7 46. Ra7+ Ke8 $2 {[%mdl 2] Der König sollte nach g8 ausweichen.} 47. Be3 $6 {Nicht am besten.} (47. Ba3 $1 $18) (47. Bd6 $1 $18) 47... Rb3 48. Kf2 Rb2+ 49. Kf3 Rb3 50. Ke2 Rb2+ 51. Bd2 Kf8 52. Ra5 Kf7 53. Rxd5 {Nun ist eine Rettung für Schwarz schon kaum mehr denkbar.} Ke6 54. Ra5 g6 55. Kd3 Rb7 56. Ra6+ Kf5 57. Bc3 Rd7+ 58. Bd4 Rf7 59. Ra7 {Erzwingt Turmtausch und danach ist die Sache gelaufen.} Rxa7 60. Bxa7 h5 61. Bf2 Ke5 62. Bd4+ Kf5 63. Ke3 g5 64. Kf3 g4+ (64... Kg6 65. h4 Kf5 66. g3 Kg6 (66... Ke6 67. hxg5 fxg5 68. Ke4 Kd6 69. Kf5 h4 70. g4 $18) 67. Ke4 f5+ 68. Ke5 f4 69. gxf4 gxf4 70. Kxf4 Kh6 71. Kf5 Kh7 72. Kg5 Kg8 73. Kxh5 $18 {und Weiss hat den dunkelfarbigen Läufer, der das Eckfeld h8 beherrscht und somit gewinnt; mit dem weissfeldrigen Läufer wäre es Remis.}) 65. Kg3 {Schwarz kommt nun in Zugzwang.} Kg5 66. Be3+ Kf5 67. Kh4 Kg6 68. Bd2 f5 69. Bf4 Kf7 70. Kg5 h4 71. Kxf5 g3 72. h3 {Weiss will beide Bauern erobern.} Ke8 73. Bg5 Kf7 {***AUFGEGEBEN***} 1-0

[Event "Match 77__120'/40"]
[Site "Zürich"]
[Date "2024.??.??"]
[Round "27"]
[White "Super Forte C 6 MHz sel. 4"]
[Black "Mephisto Polgar sel. 5"]
[Result "0-1"]
[WhiteElo "2009"]
[BlackElo "1981"]
[Annotator "Utzinger,K"]
[PlyCount "109"]
[EventDate "2024.??.??"]
[SourceVersionDate "2024.04.21"]

1. e4 c5 {Match 120'/40 | Bediener: Rolf Bühler | 27. Partie: Schwarz (Mephisto Polgar) gewinnt Zwischenstand: 14,0-13,0 (51,8%) Gleichstand; hypothetisch: 15,5-11,5 (57,4%) für Mephisto Polgar | Buchzüge total: Super Forte C = 294, Mephisto Polgar = 265 | In einem unter Computern selten zu sehenden System gegen die Sizilianische Verteidigung agiert der mit Weiss spielende Super Forte C sel. 4 ungenau. Und schon wieder, wie auch in der letzten Partie, findet ein Spiel nur auf ein Tor statt, nämlich das von Weiss. Es bedarf jedoch diverser ungenutzter Gewinnchancen von Mephisto Polgar sel. 5 sowie verpasster Ausgleichschancen des Super Forte C sel. 4, bis dann der letzte weisse Fehler im Endspiel doch noch entscheidet.} 2. Nf3 d6 {[#]} 3. c3 {Neben der Hauptfortsetzung 3.d4 und dem heute vielfach gespielten 3.Lb5+ (Rossolimo Variante) ist 3.c3 der am drittmeisten gespielte Zug. Er wurde das erste Mal in einer Partie 1937 in Russland angewandt. Die neueste Partie stammt von GM Nakamura. Die Idee besteht darin, ein starkes Zentrum mit d4 aufzubauen, wobei der weissfeldrige Läufer nach c2 geführt wird. So können Stellungen entstehen, die an die Spanische Eröffnung erinnern.} Nf6 {***ENDE BUCH***} (3... Nc6 4. d4 cxd4 5. cxd4 Nf6 6. Nc3 g6 {½-½ Ilyin Zhenevsky,A-Kan,I URS-ch10 Final 1937 (2)}) 4. h3 (4. Bd3 Bd7 5. O-O Bc6 6. Re1 Nbd7 7. Bc2 e6 8. d4 Be7 {1-0 (52) Nakamura,H (2789)-Niemann,H (2676) Chess.com INT 2024}) 4... g6 5. Bd3 Bg7 6. Bc2 {***ENDE BUCH***} Nc6 {Eine ebenfalls gebräuchliche Alternative ist 6...e5, um den Aufbau von Weiss zu bekämpfen.} (6... e5 7. O-O O-O 8. d4 cxd4 9. cxd4 exd4 10. Nxd4 Nc6 11. Nxc6 bxc6 12. Nc3 Re8 13. Re1 a5 14. Bf4 d5 15. exd5 Rxe1+ 16. Qxe1 Nxd5 17. Rd1 Be6 18. Be5 Bxe5 19. Qxe5 Qb8 20. Qe2 Qxb2 21. Ne4 Qe5 22. Re1 Rd8 23. Qf3 Kg7 24. Re2 Nb4 25. Ng3 Qa1+ 26. Kh2 Qf6 27. Qe3 Bd5 28. a3 Nxc2 29. Rxc2 Rd6 30. Rc5 Re6 31. Qd2 h5 32. Rxa5 h4 33. Nf1 Qe5+ 34. Kg1 Qa1 35. Ra4 Re1 36. Qd4+ Qxd4 37. Rxd4 Rc1 38. Kh2 Rxf1 {0-1 (38) Martinez Alcantara,J (2619)-Giri,A (2775) Chess.com INT 2023}) 7. d4 cxd4 8. cxd4 d5 {Und hier ist 8...0-0 eine wichtige Alternative.} (8... O-O 9. O-O e5 10. d5 Nb4 11. Nc3 Nxc2 12. Qxc2 Ne8 13. Qb3 h6 14. Bd2 f5 15. Rac1 f4 16. Rc2 g5 17. Rfc1 g4 18. hxg4 Bxg4 19. Nb5 Rf7 20. Nh2 h5 21. f3 Bd7 22. Nc7 Nxc7 23. Rxc7 b6 24. Qa3 Bf8 25. Bb4 Qf6 26. Qa6 Rg7 27. R1c2 h4 28. Kh1 h3 29. Qf1 Qh6 30. gxh3 Bxh3 31. Rxg7+ Bxg7 32. Qg1 Rc8 33. Rc6 Rxc6 34. dxc6 Qe6 35. Ng4 Kf7 36. c7 Qd7 37. Bxd6 Bxg4 38. Qxg4 Qxd6 {1-0 (38) Martinez Alcantara,J (2619)-Sarana,A (2685) Chess.com INT 2023}) 9. e5 Ne4 10. Nbd2 {Hier würde man eher 10.0-0 oder 10.Sc3 erwarten, ohne den Lc1 zu verstellen, was die weisse Entwicklung nicht erschwert.} Bf5 11. O-O Rc8 12. Ba4 O-O $11 13. Nxe4 $6 $15 {Dieser Tausch kann nicht das Gelbe vom Ei sein, denn nun erhält Schwarz leichten Vorteil. Sinnvollere Alternativen sind:} (13. Re1 Nb4 14. Nf1 Bd7 15. Bxd7 Qxd7 $11) (13. Nb3 Nb4 14. Ne1 f6 15. exf6 Rxf6 16. Be3 $11) 13... dxe4 $1 {Am besten.} 14. Bxc6 Rxc6 15. Nh4 $6 (15. Nh2 {Dieser Rückzug ist besser, denn später kann der Springer über g4 ins Spiel gebracht werden.} Be6 16. Re1 $15) 15... Be6 16. Re1 Qd5 $17 {Schwarz steht besser, er kann aktiv auf der c-Linie oder gegen den Bauern d4 auftreten.} 17. Be3 Rfc8 {Es geht noch stärker.} (17... f6 18. f4 g5 19. fxg5 fxe5 $17) 18. Qa4 h6 $6 {Will durch ...g5 den Sh4 abholen. Mit 18...f6! und 18...a6 oder 18...Ta6 gibt es aber gleich drei stärkere Fortsetzungen.} {[#]} 19. Qb3 $2 {[%mdl 2] Verlustzug: Weiss sollte sich mit 19.g4 ein Rückzugsfeld für den Sh4 sichern.} Rc2 $2 {[%mdl 32768] Verpasst einen leichten Gewinn, steht aber trotzdem noch besser.} (19... Qd7 $1 {gewinnt schlicht und einfach nach} 20. Qd1 g5 21. d5 {erzwungen} Bxd5 22. Nf5 Qxf5 23. Qxd5 Qxe5 $19 {mit 2 Mehrbauern}) 20. Qxd5 Bxd5 21. b3 e6 {Nun droht ...g5.} 22. g3 R8c6 23. Rec1 b5 24. Ng2 $11 {Der ehemals schwarze, entscheidende Vorteil hat sich in Luft aufgelöst.} Kh7 25. Ne1 R2c3 26. Rxc3 Rxc3 27. Kf1 g5 28. Ke2 Kg6 29. Bd2 Rc7 30. g4 f6 31. exf6 Bxf6 32. Be3 $6 {Verschlechtert nur die weisse Stellung und gibt die Bewachung des Feldes c3 auf. Auch wird sich Weiss scheuen, dem gegnerischen Turm mit einmal Tc1 die offene Linie streitig zu machen, weil nach Turmtausch der d4-Bauer in die Binsen ginge, auch wenn das nicht weiter schlimm wäre angesichts der schwarzen Doppelbauern auf der e-Linie. Richtig war jedenfalls 32.Ke3.} a5 $11 {[#]} 33. f4 $2 $19 {[%mdl 2] Verlustzug: unsere Oldies verstehen es nur ganz ausnahmsweise, die Stellung ruhig zu halten. Zwar kann auch die gemäss Stockfish 16.1 beste Verteidigung 33.Tc1 die Partie nicht mehr retten. Aber der Mephisto Polgar sel. 5 hätte bestimmt nicht die besten Züge in der langen Variante gefunden.} ({Stockfish 16.1:} 33. Rc1 Rxc1 34. Bxc1 a4 35. bxa4 bxa4 36. a3 Bxd4 37. Ng2 Kf6 38. h4 gxh4 39. Nxh4 Bc5 40. Ng2 Bb3 41. Ne3 Bf8 42. Ke1 Bd5 43. Ke2 Bc6 44. Ng2 Bd7 45. Nf4 e5 46. Nd5+ Kg6 47. Ne3 Be6 48. f3 exf3+ 49. Kxf3 Kf6 50. Ke4 Bc8 51. Kf3 Bb7+ 52. Kg3 Be4 53. Kh4 Ke6 54. Kh5 Bc6 55. Kg6 Bb5 56. Nd1 Be8+ 57. Kh7 Kd5 58. Bxh6 Bxa3 {[%eval -192,44] [%wdl 0,7,993]}) 33... gxf4 34. Bxf4 Rc3 35. Rc1 Rxc1 (35... Rxh3 {gewinnt prosaischer} 36. Rc5 Rh4 37. Rxb5 Rxg4 38. Be5 Bxe5 39. dxe5 h5 40. Rxa5 h4 $19) 36. Bxc1 Bxd4 {Aus mir nicht verständlichen Gründen soll 36...a4 gemäss Stockfish 16.1 stärker sein.} 37. Nc2 e5 $2 {[%mdl 32768] Falsch und nur noch Ausgleich danach.} (37... Bc5 $1 {gewinnt}) 38. Be3 $6 $17 {Verpasst den Übergang zu einem Läuferendspiel mit ungleichfarbigen Läufern, das leicht Remis zu halten ist. Ein durchschnittlicher Turnierspieler (Hobby-Spieler) sähe diese Lösung selbst im Blitzspiel. Nach dem Textzug ist es fraglich, ob Weiss die Stellung halten kann.} (38. Nxd4 exd4 39. Bb2 d3+ (39... a4 40. bxa4 bxa4 41. a3 d3+ 42. Ke3 $11) 40. Ke3 Kg5 41. Bg7 h5 42. gxh5 Kxh5 43. Bf6 $11 {und Remis}) 38... Bb2 39. Bc5 Bc3 {[#]} 40. Bb6 $2 {[%mdl 2] Verlustzug, während nach dem korrekten 40.Sa3 die Chancen auf ein Remis bei 94% liegen.} ({Light 29 MPV-avx2:} 40. Na3 {Bewertung -0.52, 47% (+0%, =94% -6%) aus Sicht von Weiss.} Bc6 41. Nc2 a4 42. Bb4 Bb2 43. Ne3 Bd7 44. Nd5 Bd4 45. Kd2 Kf7 46. Ba3 Bg1 47. Bb4 Ba7 48. Ke2 Bd4 49. Ke1 Ke6 50. Nc7+ Kf6 51. Nd5+ Kf7 52. Ke2 Ke6 53. Ne3 Kf6 54. Nd5+ Kg5 55. Be7+ Kg6 56. Kd2 Bf2 57. Nc3 Bc6 58. Nd1 Bg3 59. Ne3 Bd7 60. Nd5 axb3 61. axb3 Be6 62. Nc3 Bxb3 63. Nxb5 Bf4+ 64. Ke1 Bc4 65. Nd6 Bd3 66. Bd8 e3 67. Nf5 Bxf5 68. gxf5+ Kxf5 69. Ke2 {[%eval -52,44] [%wdl 0,936,64]}) 40... a4 $1 41. bxa4 bxa4 42. a3 Bb3 (42... Bc4+ {ist noch stärker}) 43. Ne3 Bd4 $2 $11 {[%mdl 32768] Ausgleich statt Gewinnchance} (43... Be6 44. Bc5 Bd4 45. Be7 Ba7 $19 46. Kd2 Kf7 47. Bb4 Kf6 48. Bf8 Kg5 $19 {wobei die Sache im Kampf der beiden Oldies aber noch sicher nicht entschieden wäre.}) {[#]} 44. Bc7 $2 {[%mdl 2] Und erneut, das letzte Mal, stolpert der Super Forte C sel. 4 wieder in eine verlorene Stellung und verpasst den hier möglichen Ausgleich.} (44. Bxd4 $1 exd4 45. Nf5 Bc4+ 46. Kd2 d3 47. Ke3 {und ich vermag nicht zu erkennen, wie Schwarz hier Fortschritte machen könnte, z.B.} Kg5 48. h4+ $1 Kxg4 49. Nxh6+ Kxh4 50. Nf5+ Kg4 51. Kxe4 Bd5+ 52. Kxd3 Kxf5 $11 {und Schwarz wird noch den a3-Bauern erobern, hat aber den falschen Läufer, um zu gewinnen.}) 44... Bc5 45. Bxe5 Bxa3 $19 {Nach dem Fall dieses Bauern erweist sich das schwarze Läuferpaar als riesenstark und die weisse Stellung lässt sich nicht mehr halten.} 46. Kd2 Bc5 47. Ng2 Bc4 48. Nf4+ Kf7 49. Kc3 Bf1 50. Kc2 e3 51. Nd3 Be7 52. Bf4 Bg5 53. Bxg5 Bxd3+ 54. Kxd3 hxg5 55. Kc2 0-1